|
|
|
แสดงรายละเอียดบรรณานุกรม |
|
|
Brief Record
: Get Marc (ISO 2709)
: E-mail record
: |
|
|
| LEADER 00000nam a2200000Ia 4500 | |||
| 001 13399136105 | |||
| 003 ULIB | |||
| 008 190809s2561 th a 000 0 tha d | |||
| 020 ^a9786162791260 | |||
| 060 04 ^aWY159^bต367 2561 | |||
| 245 00 ^aตำราการพยาบาลเด็ก เล่ม 1 /^cโดย คณาจารย์ภาควิชาการพยาบาลกุมารเวชศาสตร์ คณะพยาบาลศาสตร์ มหาวิทยาลัยมหิดล ; ศรีสมบูรณ์ มุสิกสุคนธ์ ... [และคนอื่นๆ] | |||
| 250 ^aพิมพ์ครั้งที่ 5 (ฉบับปรับปรุงครั้งที่ 2) | |||
| 260 ^aกรุงเทพฯ :^bมหาวิทยาลัยมหิดล,^c2561 | |||
| 300 ^a2 เล่ม :^bภาพประกอบ ;^c30 ซม. | |||
| 500 ^aบรรณานุกรม : ศรีสมบูรณ์ มุสิกสุคนธ์, ฟองคำ ติลกสกุลชัย, วิไล เลิศธรรมเทวี, อัจฉรา เปรื่องเวทย์, พรรณรัตน์ แสงเพิ่ม และสุดาภรณ์ พยัคฆเรือง (บรรณาธิการ). (2561). ตำราการพยาบาลเด็ก เล่ม 1 (พิมพ์ครั้งที่ 5 ฉบับปรับปรุงครั้งที่ 2). กรุงเทพฯ : มหาวิทยาลัยมหิดล. | |||
| 505 0 ^tบทที่ 1 การเจริญเติบโตและพัฒนาการ --^tบทที่ 2 การสร้างเสริมภาวะโภชนาการในเด็ก --^tบทที่ 3 การสร้างเสริมภูมิคุ้มกันโรคในเด็ก --^tบทที่ 4 อุบัติเหตุและสารพิษในเด็ก --^tบทที่ 5 แนวคิดที่สำคัญในการพยาบาลผู้ป่วยเด็ก --^tบทที่ 6 การพยาบาลทารกแรกเกิด --^tบทที่ 7 การพยาบาลผู้ป่วยเด็กที่มีปัญหาการติดเชื้อ --^tบทที่ 8 การพยาบาลผู้ป่วยเด็กที่มีปัญหาทางเดินอาหาร | |||
| 650 4 ^aการพยาบาลกุมารเวชศาสตร์ | |||
| 650 4 ^aเด็ก^xการเลี้ยงดู | |||
| 650 4 ^aเด็ก^xการดูแล | |||
| 650 4 ^aทารกแรกเกิด^xการดูแล | |||
| 700 0 ^aศรีสมบูรณ์ มุสิกสุคนธ์,^eบรรณาธิการ | |||
| 700 0 ^aฟองคำ ติลกสกุลชัย,^eบรรณาธิการ | |||
| 700 0 ^aวิไล เลิศธรรมเทวี,^eบรรณาธิการ | |||
| 700 0 ^aอัจฉรา เปรื่องเวทย์,^eบรรณาธิการ | |||
| 700 0 ^aพรรณรัตน์ แสงเพิ่ม,^eบรรณาธิการ | |||
| 700 0 ^aสุดาภรณ์ พยัคฆ์เรือง,^eบรรณาธิการ | |||
| 710 2 ^aมหาวิทยาลัยมหิดล.^bคณะพยาบาลศาสตร์.^bภาควิชาการพยาบาลกุมารเวชศาสตร์ | |||
| 856 ^zตำราการพยาบาลเด็ก เล่ม 1 (10047960).pdf (สารบัญหนังสือ)^uhttp://61.19.69.198/ULIB//_fulltext/Content ::/13399136105/20190827105054_1074.pdf | |||
| 999 ^aสุณิสา สำเร็จดี | |||
| คุณยังไม่ได้ล็อกอิน คุณสามารถมีกิจกรรมร่วมกับเว็บไซต์ได้ แต่ต้องล็อกอินก่อน :: |
|
| สถานะ | |||||||||
| 1. | หนังสือสำรอง | WY159 ต367 2561 ล.1 ฉ.1 Barcode: 10047960 | ►หนังสือทั่วไป | บนชั้น | |||||
| Note:ซื้อ 1/2562 | |||||||||
| 2. | ตำราทางการพยาบาล | WY159 ต367 2561 ล.1 ฉ.2 Barcode: 10047961 | ►หนังสือทั่วไป | บนชั้น | |||||
| Note:ซื้อ 1/2562 | |||||||||
| 3. | ตำราทางการพยาบาล | WY159 ต367 2561 ล.1 ฉ.3 Barcode: 10047962 | ►หนังสือทั่วไป | ถูกยืม กำหนดส่งวันที่ จอง | |||||
| Note:ซื้อ 1/2562 | |||||||||
| 4. | ตำราทางการพยาบาล | WY159 ต367 2561 ล.1 ฉ.4 Barcode: 10027683 | ►หนังสือทั่วไป | บนชั้น | |||||
| Note:ซื้อ | |||||||||
| 5. | ตำราทางการพยาบาล | WY159 ต367 2561 ล.1 ฉ.5 Barcode: 10027684 | ►หนังสือทั่วไป | บนชั้น | |||||
| Note:ซื้อ | |||||||||
| 6. | ตำราทางการพยาบาล | WY159 ต367 2561 ล.1 ฉ.6 Barcode: 10027685 | ►หนังสือทั่วไป | บนชั้น | |||||
| Note:ซื้อ | |||||||||
| [แสดง 6/6 รายการ] | |||||||||
| รายการใกล้เคียง หัวเรื่อง [การพยาบาลกุมารเวชศาสตร์]
|
BibComment |
| คอมเมนท์ทรัพยากรรายการนี้ |
|
|